00307nam a2200133Ia 4500008004100000020001500041041001200056082001100068100001600079245002900095260002500124300000800149650001600157221030s9999 xx 000 0 und d a0070472394 aEnglish a105.23 aW. Goralski 0aOptical Networking & WDM bTMHaNew Delhic2005 a556 aBE Computer